<?xml version="1.0" encoding="UTF-8"?>
<record
    xmlns:xsi="http://www.w3.org/2001/XMLSchema-instance"
    xsi:schemaLocation="http://www.loc.gov/MARC21/slim http://www.loc.gov/standards/marcxml/schema/MARC21slim.xsd"
    xmlns="http://www.loc.gov/MARC21/slim">

  <leader>00741nam a22001577a 4500</leader>
  <controlfield tag="003">OSt</controlfield>
  <controlfield tag="005">20151209140154.0</controlfield>
  <controlfield tag="008">151209b        xxu||||| |||| 00| 0 eng d</controlfield>
  <datafield tag="040" ind1=" " ind2=" ">
    <subfield code="c">RUA</subfield>
  </datafield>
  <datafield tag="082" ind1=" " ind2=" ">
    <subfield code="a">ATM MOL 2009 B196 Or.1</subfield>
  </datafield>
  <datafield tag="100" ind1=" " ind2=" ">
    <subfield code="9">4588</subfield>
    <subfield code="a">MOL, POK.</subfield>
  </datafield>
  <datafield tag="245" ind1=" " ind2=" ">
    <subfield code="a">Carbon stock in rice field of system rice of intensification in kagnchreach district prey veng province, &#x1794;&#x179A;&#x17B7;&#x1798;&#x17B6;&#x178E;&#x1780;&#x17B6;&#x1794;&#x17BC;&#x1793;&#x179F;&#x17D2;&#x178F;&#x17BB;&#x1780;&#x1791;&#x17BB;&#x1780;&#x1793;&#x17C5;&#x1780;&#x17D2;&#x1793;&#x17BB;&#x1784;&#x178A;&#x17B8;&#x179F;&#x17D2;&#x179A;&#x17C2;&#x1794;&#x17D2;&#x179A;&#x1796;&#x17D0;&#x1793;&#x17D2;&#x1792;&#x1794;&#x17D2;&#x179A;&#x1796;&#x179B;&#x179C;&#x1794;&#x17D2;&#x1794;&#x1780;&#x1798;&#x17D2;&#x1798;&#x178A;&#x17C6;&#x178E;&#x17B6;&#x17C6;&#x179F;&#x17D2;&#x179A;&#x17BC;&#x179C;&#x1780;&#x17D2;&#x1793;&#x17BB;&#x1784;&#x179F;&#x17D2;&#x179A;&#x17BB;&#x1780;&#x1780;&#x1789;&#x17D2;&#x1787;&#x17C0;&#x1785; &#x1781;&#x17C1;&#x178F;&#x17D2;&#x178F;&#x1796;&#x17D2;&#x179A;&#x17C3;&#x179C;&#x17C2;&#x1784;</subfield>
  </datafield>
  <datafield tag="260" ind1=" " ind2=" ">
    <subfield code="a">Phnom Penh</subfield>
    <subfield code="b">RUA</subfield>
    <subfield code="c">2009</subfield>
  </datafield>
  <datafield tag="300" ind1=" " ind2=" ">
    <subfield code="a">xiii; 60p.</subfield>
    <subfield code="b">ill.</subfield>
    <subfield code="c">29cm.</subfield>
  </datafield>
  <datafield tag="942" ind1=" " ind2=" ">
    <subfield code="2">ddc</subfield>
    <subfield code="c">ATM</subfield>
  </datafield>
  <datafield tag="999" ind1=" " ind2=" ">
    <subfield code="c">4277</subfield>
    <subfield code="d">4277</subfield>
  </datafield>
  <datafield tag="952" ind1=" " ind2=" ">
    <subfield code="0">0</subfield>
    <subfield code="1">0</subfield>
    <subfield code="2">ddc</subfield>
    <subfield code="4">0</subfield>
    <subfield code="6">ATM_MOL_2009_000000000000000_B196_OR_1</subfield>
    <subfield code="7">0</subfield>
    <subfield code="9">21620</subfield>
    <subfield code="a">LBB</subfield>
    <subfield code="b">LBB</subfield>
    <subfield code="c">B196</subfield>
    <subfield code="d">2015-12-09</subfield>
    <subfield code="o">ATM MOL 2009 B196 Or.1</subfield>
    <subfield code="p">RUA039295</subfield>
    <subfield code="r">2015-12-09</subfield>
    <subfield code="w">2015-12-09</subfield>
    <subfield code="y">ATM</subfield>
  </datafield>
  <datafield tag="952" ind1=" " ind2=" ">
    <subfield code="0">0</subfield>
    <subfield code="1">0</subfield>
    <subfield code="2">ddc</subfield>
    <subfield code="4">0</subfield>
    <subfield code="6">ATM_MOL_2009_000000000000000_B196_OR_2</subfield>
    <subfield code="7">0</subfield>
    <subfield code="9">21621</subfield>
    <subfield code="a">LBB</subfield>
    <subfield code="b">LBB</subfield>
    <subfield code="c">B196</subfield>
    <subfield code="d">2015-12-09</subfield>
    <subfield code="o">ATM MOL 2009 B196 Or.2</subfield>
    <subfield code="p">RUA039227</subfield>
    <subfield code="r">2015-12-09</subfield>
    <subfield code="w">2015-12-09</subfield>
    <subfield code="y">ATM</subfield>
  </datafield>
  <datafield tag="952" ind1=" " ind2=" ">
    <subfield code="0">0</subfield>
    <subfield code="1">0</subfield>
    <subfield code="2">ddc</subfield>
    <subfield code="4">0</subfield>
    <subfield code="6">ATM_MOL_2009_000000000000000_B196_OR_3</subfield>
    <subfield code="7">0</subfield>
    <subfield code="9">21622</subfield>
    <subfield code="a">LBB</subfield>
    <subfield code="b">LBB</subfield>
    <subfield code="c">B196</subfield>
    <subfield code="d">2015-12-09</subfield>
    <subfield code="o">ATM MOL 2009 B196 Or.3</subfield>
    <subfield code="p">RUA039236</subfield>
    <subfield code="r">2015-12-09</subfield>
    <subfield code="w">2015-12-09</subfield>
    <subfield code="y">ATM</subfield>
  </datafield>
  <datafield tag="952" ind1=" " ind2=" ">
    <subfield code="0">0</subfield>
    <subfield code="1">0</subfield>
    <subfield code="2">ddc</subfield>
    <subfield code="4">0</subfield>
    <subfield code="6">ATM_MOL_2009_000000000000000_B196_OR_4</subfield>
    <subfield code="7">0</subfield>
    <subfield code="9">21623</subfield>
    <subfield code="a">LBB</subfield>
    <subfield code="b">LBB</subfield>
    <subfield code="c">B196</subfield>
    <subfield code="d">2015-12-09</subfield>
    <subfield code="o">ATM MOL 2009 B196 Or.4</subfield>
    <subfield code="p">RUA039047</subfield>
    <subfield code="r">2015-12-09</subfield>
    <subfield code="w">2015-12-09</subfield>
    <subfield code="y">ATM</subfield>
  </datafield>
  <datafield tag="952" ind1=" " ind2=" ">
    <subfield code="0">0</subfield>
    <subfield code="1">0</subfield>
    <subfield code="2">ddc</subfield>
    <subfield code="4">0</subfield>
    <subfield code="6">ATM_MOL_2009_000000000000000_B196_OR_5</subfield>
    <subfield code="7">0</subfield>
    <subfield code="9">21624</subfield>
    <subfield code="a">LBB</subfield>
    <subfield code="b">LBB</subfield>
    <subfield code="c">B196</subfield>
    <subfield code="d">2015-12-09</subfield>
    <subfield code="o">ATM MOL 2009 B196 Or.5</subfield>
    <subfield code="p">RUA039118</subfield>
    <subfield code="r">2015-12-09</subfield>
    <subfield code="w">2015-12-09</subfield>
    <subfield code="y">ATM</subfield>
  </datafield>
  <datafield tag="952" ind1=" " ind2=" ">
    <subfield code="0">0</subfield>
    <subfield code="1">0</subfield>
    <subfield code="2">ddc</subfield>
    <subfield code="4">0</subfield>
    <subfield code="6">ATM_MOL_2009_000000000000000_B196_OR_6</subfield>
    <subfield code="7">0</subfield>
    <subfield code="9">21625</subfield>
    <subfield code="a">LBB</subfield>
    <subfield code="b">LBB</subfield>
    <subfield code="c">B196</subfield>
    <subfield code="d">2015-12-09</subfield>
    <subfield code="o">ATM MOL 2009 B196 Or.6</subfield>
    <subfield code="p">RUA44865</subfield>
    <subfield code="r">2015-12-09</subfield>
    <subfield code="w">2015-12-09</subfield>
    <subfield code="y">ATM</subfield>
  </datafield>
  <datafield tag="952" ind1=" " ind2=" ">
    <subfield code="0">0</subfield>
    <subfield code="1">0</subfield>
    <subfield code="2">ddc</subfield>
    <subfield code="4">0</subfield>
    <subfield code="6">ATM_MOL_2009_000000000000000_B196_OR_7</subfield>
    <subfield code="7">0</subfield>
    <subfield code="9">21626</subfield>
    <subfield code="a">LBB</subfield>
    <subfield code="b">LBB</subfield>
    <subfield code="c">B196</subfield>
    <subfield code="d">2015-12-09</subfield>
    <subfield code="o">ATM MOL 2009 B196 Or.7</subfield>
    <subfield code="p">RUA41093</subfield>
    <subfield code="r">2015-12-09</subfield>
    <subfield code="w">2015-12-09</subfield>
    <subfield code="y">ATM</subfield>
  </datafield>
  <datafield tag="952" ind1=" " ind2=" ">
    <subfield code="0">0</subfield>
    <subfield code="1">0</subfield>
    <subfield code="2">ddc</subfield>
    <subfield code="4">0</subfield>
    <subfield code="6">ATM_MOL_2009_000000000000000_B196_OR_8</subfield>
    <subfield code="7">0</subfield>
    <subfield code="9">21627</subfield>
    <subfield code="a">LBB</subfield>
    <subfield code="b">LBB</subfield>
    <subfield code="c">B196</subfield>
    <subfield code="d">2015-12-09</subfield>
    <subfield code="o">ATM MOL 2009 B196 Or.8</subfield>
    <subfield code="p">RUA44603</subfield>
    <subfield code="r">2015-12-09</subfield>
    <subfield code="w">2015-12-09</subfield>
    <subfield code="y">ATM</subfield>
  </datafield>
  <datafield tag="952" ind1=" " ind2=" ">
    <subfield code="0">0</subfield>
    <subfield code="1">0</subfield>
    <subfield code="2">ddc</subfield>
    <subfield code="4">0</subfield>
    <subfield code="6">ATM_MOL_2009_000000000000000_B196_OR_9</subfield>
    <subfield code="7">0</subfield>
    <subfield code="9">21628</subfield>
    <subfield code="a">LBB</subfield>
    <subfield code="b">LBB</subfield>
    <subfield code="c">B196</subfield>
    <subfield code="d">2015-12-09</subfield>
    <subfield code="o">ATM MOL 2009 B196 Or.9</subfield>
    <subfield code="p">RUA40973</subfield>
    <subfield code="r">2015-12-09</subfield>
    <subfield code="w">2015-12-09</subfield>
    <subfield code="y">ATM</subfield>
  </datafield>
  <datafield tag="952" ind1=" " ind2=" ">
    <subfield code="0">0</subfield>
    <subfield code="1">0</subfield>
    <subfield code="2">ddc</subfield>
    <subfield code="4">0</subfield>
    <subfield code="6">ATM_MOL_2009_000000000000000_B196_OR_10</subfield>
    <subfield code="7">0</subfield>
    <subfield code="9">21629</subfield>
    <subfield code="a">LBB</subfield>
    <subfield code="b">LBB</subfield>
    <subfield code="c">B196</subfield>
    <subfield code="d">2015-12-09</subfield>
    <subfield code="o">ATM MOL 2009 B196 Or.10</subfield>
    <subfield code="p">RUA039178</subfield>
    <subfield code="r">2015-12-09</subfield>
    <subfield code="w">2015-12-09</subfield>
    <subfield code="y">ATM</subfield>
  </datafield>
  <datafield tag="952" ind1=" " ind2=" ">
    <subfield code="0">0</subfield>
    <subfield code="1">0</subfield>
    <subfield code="2">ddc</subfield>
    <subfield code="4">0</subfield>
    <subfield code="6">ATM_MOL_2009_000000000000000_B1_218_OR_1</subfield>
    <subfield code="7">0</subfield>
    <subfield code="9">78288</subfield>
    <subfield code="a">LBB</subfield>
    <subfield code="b">LBB</subfield>
    <subfield code="c">B1.218</subfield>
    <subfield code="d">2019-02-15</subfield>
    <subfield code="o">ATM MOL 2009 B1.218 Or.1</subfield>
    <subfield code="p">A36172</subfield>
    <subfield code="r">2019-02-15</subfield>
    <subfield code="w">2019-02-15</subfield>
    <subfield code="y">ATM</subfield>
  </datafield>
  <datafield tag="952" ind1=" " ind2=" ">
    <subfield code="0">0</subfield>
    <subfield code="1">0</subfield>
    <subfield code="2">ddc</subfield>
    <subfield code="4">0</subfield>
    <subfield code="6">ATM_MOL_2009_000000000000000_B1_218_OR_2</subfield>
    <subfield code="7">0</subfield>
    <subfield code="9">78293</subfield>
    <subfield code="a">LBB</subfield>
    <subfield code="b">LBB</subfield>
    <subfield code="c">B1.218</subfield>
    <subfield code="d">2019-02-25</subfield>
    <subfield code="o">ATM MOL 2009 B1.218 Or.2</subfield>
    <subfield code="p">A40108  </subfield>
    <subfield code="r">2019-02-25</subfield>
    <subfield code="w">2019-02-25</subfield>
    <subfield code="y">ATM</subfield>
  </datafield>
</record>
